000 01122nam0a2200337 4500
001 RU\NLR\PR\ONL\13805701
005 20260510043009.0
035 _a(NLR Aleph) 022801219
090 _a13702325
_c13702325
100 _a20260423d1967 m y0rusy50 ca
101 0 _alit
102 _aLT
105 _aa z 000zy
181 0 _ai
_b xxe
182 0 _an
200 1 _aStrazdas
_epoema
_fSigitas Geda
_gPetro Repšio linoraižiniai
203 _aТекст
_bвизуальный
_cнепосредственный
210 _aVilnius
_cVaga
_d1967
215 _a[18] с.
_cил.
_d14
225 1 _a1967 metų iliustruotos knygos
309 _aВложена в футляр с загл. сер. с 9 др. кн.
541 1 _6z01790
_aСтраздас
_eпоэма
_zrus
_7ca
686 1 _aЩ157.5
700 1 _aGeda
_bS.
_f1943–2008
_gSigitas
_4070
702 1 _aRepšys
_bP.
_f1940–
_gPetras
_4440
790 1 _6z01541
_aГяда
_bС.
_f1943-2008
_gСигитас
_4070
801 0 _aRU
_bNLR
942 _cBOOK
945 _aРоссийская национальная библиотека
980 _aNB